=LDR 00000nam 2200000 4500 =001 INLIS000000000061311 =005 20221006082308 =035 ##$$a 0010-1022000052 =007 ta =008 221006###########################0#ind## =020 ##$$a 978-602-391-346-6 =082 ##$$a 658.314 =084 ##$$a 658.314 Mus s =100 #$$a Mustikasari Arinda =245 1#$$a Semua Orang Bisa Jadi Pengusaha : $b 85 Pola Pikir Yang Membuat Orang Susah Jadi Pengusaha /$c Mustikasari Arinda =260 ##$$a Yogyakarta :$b Saufa,$c 2016 =300 ##$$a 213 halaman : $b ilustrasi ; $c 20 cm =650 #4$$a Motivasi Kerja =990 ##$$a 23522352